000 00300nam a2200121Ia 4500
008 190216s9999||||xx |||||||||||||| ||und||
100 _aMadhu Manjulalayam
245 0 _aOru Post Graduate Yuvavinte Antyam
260 _bPoorna Pubs Kozhikode
_c1990
300 _a120p
650 _aNovel
942 _cBK
999 _c27264
_d27264